[Event "SWZ-chT9697"]
[Site "SWZ"]
[Date "1997.??.??"]
[Round "?"]
[White "Rueetschi, Urs"]
[Black "Fejzullahu, Afrim"]
[Result "1-0"]
[WhiteElo "2250"]
[BlackElo "2290"]

1.d4 Nf6 2.c4 g6 3.Nc3 Bg7 4.e4 d6 5.Nf3 O-O 6.Be2 e5 7.O-O exd4 8.Nxd4 Re8
9.f3 Nc6 10.Nc2 Nh5 11.g4 Nf6 12.Bg5 h6 13.Be3 Ne5 14.Kh1 Be6 15.b3 c6 16.Nd4 Bd7
17.Qd2 Kh7 18.Rad1 Qa5 19.Nc2 Rad8 20.Nd5 Qxd2 21.Nxf6+ Bxf6 22.Rxd2 Be7
23.Rfd1 f5 24.gxf5 gxf5 25.f4 Ng4 26.e5 d5 27.cxd5 cxd5 28.Bf3 Bc6 29.Bxa7 h5
30.Bd4 h4 31.h3 Nh6 32.Rg1 Rg8 33.Rdg2 Rxg2 34.Rxg2 Bf8 35.Ne3 Ra8 36.a4 b5
37.Rc2 Ra6 38.a5 Bb4 39.Bb6 Ba8 40.Rc7+ Kg6 41.Kg2  1-0

[Event "SWZ-chT9697"]
[Site "SWZ"]
[Date "1997.??.??"]
[Round "?"]
[White "Wirthensohn, Heinz"]
[Black "Weindl, Alfred"]
[Result "1-0"]
[WhiteElo "2375"]
[BlackElo "2335"]

1.Nf3 Nf6 2.c4 g6 3.Nc3 Bg7 4.e4 d6 5.d4 O-O 6.Be2 e5 7.Be3 Ng4 8.Bg5 f6
9.Bc1 Nh6 10.dxe5 dxe5 11.Qxd8 Rxd8 12.Nd5 Na6 13.Nxf6+ Bxf6 14.Bxh6 Nc5
15.Ng5 Bg7 16.Bxg7 Kxg7 17.Nf3 Kf6 18.Nd2 a5 19.O-O-O Be6 20.f3 Rd4 21.Nb3 Nxb3+
22.axb3 Rad8 23.Rxd4 Rxd4 24.Kc2 c5 25.h4 h6 26.g3 b6 27.Ra1 Kg7 28.Bd3 Kf6
29.Kd2 Bg8 30.Ke3 Be6 31.f4 Bd7 32.Rf1 Bh3 33.fxe5+ Kxe5 34.Rf8 Be6 35.Rh8 h5
36.Re8 Rd6 37.Re7 Rd7 38.Re8 Rd6 39.Rb8 Bg4 40.Be2 Be6 41.Rb7 Bd7 42.Bf3 Be6
43.Rb8 Bd7 44.Rd8 Rd4 45.Rb8 Rd6 46.Rg8 Rf6 47.Rg7 Rd6 48.Re7+ Kf6 49.e5+ Kxe7
50.exd6+ Kxd6 51.Kf4 Bf5 52.Bxh5 Bc2 53.Be2 Bxb3 54.Bd3 a4 55.g4 b5 56.cxb5 c4
57.Bxg6 c3 58.bxc3 a3 59.Bb1 Kc5 60.h5 Bc2 61.Ba2  1-0

[Event "SWZ-chT9697"]
[Site "SWZ"]
[Date "1997.??.??"]
[Round "?"]
[White "Pelletier, Yannick"]
[Black "Weindl, Alfred"]
[Result "1-0"]
[WhiteElo "2470"]
[BlackElo "2335"]

1.Nf3 Nf6 2.c4 g6 3.Nc3 Bg7 4.d4 O-O 5.e4 d6 6.Be2 e5 7.O-O Na6 8.Be3 c6
9.d5 Ng4 10.Bg5 f6 11.Bh4 c5 12.Ne1 Nh6 13.Nd3 Nf7 14.Bg4 h5 15.Bxc8 Qxc8
16.Bg3 Bh6 17.f4 Qg4 18.Qxg4 hxg4 19.f5 Be3+ 20.Bf2 Bd4 21.Bxd4 cxd4 22.Nb5 g5
23.b4 Rfc8 24.Rfc1 b6 25.Kf2 Nc7 26.Nxc7 Rxc7 27.Nb2 Rac8 28.Ke2 Kf8 29.Kd3 Ke7
30.g3 Nd8 31.Rc2 Nb7 32.a3 a5 33.Na4 b5 34.Nb6 bxc4+ 35.Rxc4 Rxc4 36.Nxc4 Ra8
37.Rb1 axb4 38.axb4 Ra2 39.Rb2 Ra1 40.Nd2 Kd7 41.Kc4 Rh1 42.Kb5 Rxh2 43.Nc4 Rh8
44.Kb6 Rc8 45.Kb5 Rb8 46.Nb6+ Ke7 47.Rh2 Nd8 48.Rh7+ Nf7 49.Ka6 Rd8 50.Kb7 Kf8
51.Kc7 d3 52.Rh1 Re8 53.Rd1 Re7+ 54.Kc6 Ra7 55.Rxd3 Ra2 56.Nc8 Rc2+ 57.Kd7 Rb2
58.Nxd6 Rxb4 59.Rc3 Nxd6 60.Kxd6 Rxe4 61.Ke6 Kg7 62.d6 Rd4 63.d7 e4 64.Ke7  1-0

[Event "SWZ-chT9697"]
[Site "SWZ"]
[Date "1997.??.??"]
[Round "?"]
[White "Toth, Bela"]
[Black "Cvitan, Ognjen"]
[Result "1/2-1/2"]
[WhiteElo "2395"]
[BlackElo "2550"]

1.d4 Nf6 2.c4 g6 3.Nc3 Bg7 4.e4 d6 5.Be2 O-O 6.Nf3 e5 7.dxe5 dxe5 8.Qxd8 Rxd8
9.Bg5 Nbd7 10.O-O-O Rf8 11.Nd5 Nxe4 12.Be3 Ndc5 13.Nxc7 Rb8 14.Nd2 b6 15.Nxe4 Nxe4
16.Bf3 Nc5 17.Bd5 Bf5 18.Bxc5 bxc5 19.b3 Rb6 20.Rhe1 Rc8 21.Nb5 a6 22.Nc3 Kf8
23.f3 h5 24.Be4 Be6 25.Bd5 Bf5 26.Be4 Be6  1/2-1/2

[Event "Aktiv Alliancen-A"]
[Site "Taastrup"]
[Date "1997.??.??"]
[Round "1"]
[White "Auchenberg, Per"]
[Black "Bekker Jensen, Simon"]
[Result "0-1"]
[WhiteElo "2150"]
[BlackElo "2230"]

1.d4 Nf6 2.c4 g6 3.Nc3 Bg7 4.e4 d6 5.Nf3 O-O 6.Be2 Na6 7.O-O e5 8.Be3 Ng4
9.Bg5 Qe8 10.h3 h6 11.Bh4 exd4 12.Nxd4 Nf6 13.Bf3 Nh7 14.Re1 Ng5 15.Bg4 Bxg4
16.hxg4 Qe5 17.Nb3 Rfe8 18.f3 Qe6 19.Qe2 Be5 20.Bf2 c6 21.Rad1 Qf6 22.Be3 Ne6
23.Qf2 Kh7 24.Nd4 Nb4 25.Rd2 Nxd4 26.Rxd4 Nc2 27.Rd3 Nxe1 28.Qxe1 Bf4 29.Bf2 Qe6
30.b3 Be5 31.Ne2 b6 32.Qd2 Rad8 33.Be3 g5 34.Bf2 Bf6 35.Ng3 Rd7 36.Nf5 Red8
37.Qc2 Be5 38.Rd2 Kg8 39.g3 d5 40.exd5 cxd5 41.Re2 Qf6 42.f4 gxf4 43.gxf4 Bxf4
44.cxd5 Rxd5 45.Ne7+ Kg7 46.Nxd5 Rxd5 47.Qe4 Qe5 48.Qf3 Rd1+ 49.Kg2 Qd5 50.Re4 Bg5
51.Be1 Rd3 52.Bc3+ Kh7  0-1

[Event "Aktiv Alliancen-A"]
[Site "Taastrup"]
[Date "1997.??.??"]
[Round "6"]
[White "Nilssen, John Arni"]
[Black "Bekker Jensen, David"]
[Result "1-0"]
[WhiteElo "2305"]
[BlackElo "2140"]

1.d4 Nf6 2.c4 g6 3.Nc3 Bg7 4.e4 d6 5.Nf3 O-O 6.Be2 e5 7.O-O Na6 8.Re1 c6
9.Rb1 exd4 10.Nxd4 Re8 11.f3 Nh5 12.Be3 f5 13.Qd2 f4 14.Bf2 Be5 15.Nc2 g5
16.Red1 Be6 17.Nd4 Bd7 18.a3 Nf6 19.g4 h5 20.h3 Kg7 21.Kg2 Rh8 22.Nf5+ Bxf5
23.exf5 Rh6 24.Rh1 Qh8 25.h4 Nh7 26.Ne4 hxg4 27.hxg5 gxf3+ 28.Bxf3 Nxg5 29.Nxg5 Rg8
30.Rxh6 Qxh6 31.Ne4 Kf7+ 32.Kf1 Qh3+ 33.Ke2 Re8 34.Rh1 Qxf5 35.Kf1 Nc7 36.Qxd6 Re7
37.Bh5+ Kf8 38.Qd8+ Ne8 39.Bc5 Qxe4 40.Qxe7+  1-0

[Event "EU-ch U12"]
[Site "Tallinn"]
[Date "1997.??.??"]
[Round "3"]
[White "Vovsha, Eli"]
[Black "Livshits, Gaby"]
[Result "1/2-1/2"]
[WhiteElo "2240"]
[BlackElo "2085"]

1.Nf3 Nf6 2.c4 g6 3.Nc3 Bg7 4.e4 d6 5.d4 O-O 6.Be2 e5 7.O-O exd4 8.Nxd4 Re8
9.f3 Nc6 10.Be3 Nh5 11.Qd2 Nf4 12.Rfd1 f5 13.Bf1 Ne6 14.Nxe6 Bxe6 15.Re1 Qf6
16.Rad1 Qf7 17.exf5 gxf5  1/2-1/2

[Event "EU-ch U18"]
[Site "Tallinn"]
[Date "1997.??.??"]
[Round "4"]
[White "Lopez Moll, Jose Manuel"]
[Black "Solak, Dragan"]
[Result "1/2-1/2"]
[WhiteElo "2155"]
[BlackElo "2345"]

1.Nf3 Nf6 2.c4 g6 3.Nc3 Bg7 4.d4 O-O 5.e4 d6 6.Be2 e5 7.Be3 Nc6 8.O-O Ng4
9.Bg5 f6 10.Bc1 exd4 11.Nxd4 Nxd4 12.Qxd4 f5 13.Qd5+ Kh8 14.Bxg4 fxg4 15.Be3 Qe8
16.Bd4 Bxd4 17.Qxd4+ Qe5 18.Qxe5+ dxe5 19.Rfd1 Be6 20.b3 Kg7 21.Rd2 Rfd8
22.Rad1 Rxd2 23.Rxd2 Rc8 24.Kf1 Kf7 25.Ke2 c6 26.Ke3 Ke7 27.Ne2 b5 28.c5 Rd8
29.Rxd8 Kxd8 30.Nc1 Ke7 31.Nd3 Kf6 32.Kd2 a5 33.Kc3 Bf7 34.g3  1/2-1/2

[Event "EU-ch U16"]
[Site "Tallinn"]
[Date "1997.??.??"]
[Round "5"]
[White "Kamadadze, Zviad"]
[Black "Kokorev, Dmitry"]
[Result "1-0"]
[WhiteElo "2175"]
[BlackElo "2310"]

1.d4 Nf6 2.c4 g6 3.Nc3 Bg7 4.e4 d6 5.Nf3 O-O 6.Be2 e5 7.Be3 Nbd7 8.O-O c6
9.d5 c5 10.Ne1 Ne8 11.Nd3 f5 12.f3 f4 13.Bf2 g5 14.a3 Rf6 15.b4 b6 16.a4 Rg6
17.a5 Rb8 18.Nb5 Ra8 19.axb6 Qxb6 20.bxc5 dxc5 21.Rb1 Ba6 22.Qa4 Rc8 23.Nd4 Qc7
24.Ne6 Qd6 25.Ndxc5 Nxc5 26.Nxc5 Bf8 27.Nxa6 Qxa6 28.Qxa6 Rxa6 29.c5 Ra2
30.Bc4 Rc2 31.Bb3 Rc3  1-0

[Event "EU-ch U18"]
[Site "Tallinn"]
[Date "1997.??.??"]
[Round "5"]
[White "Mchedlishvili, Mikheil"]
[Black "Abbasov, Farid"]
[Result "1-0"]
[WhiteElo "2380"]
[BlackElo "2235"]

1.d4 Nf6 2.c4 g6 3.Nc3 Bg7 4.e4 d6 5.Be2 O-O 6.Nf3 e5 7.Be3 Nc6 8.d5 Ne7
9.Nd2 a5 10.c5 Ne8 11.O-O f5 12.f3 f4 13.Bf2 h5 14.Rc1 g5 15.Nb5 Ng6 16.cxd6 cxd6
17.Nc4 Ra6 18.Nb6 Rxb6 19.Rxc8 Qxc8 20.Bxb6 Qd7 21.a4 Bf6 22.Kh1 Bd8 23.Bg1 Qg7
24.Qb3 Nh4 25.Qc2 Kh8 26.Qc8 Be7 27.Bf2 g4 28.Bxh4 Bxh4 29.Qe6 Kh7 30.fxg4 Nf6
31.gxh5 Re8 32.Qh3 Bg5 33.Nxd6  1-0

[Event "EU-ch U16"]
[Site "Tallinn"]
[Date "1997.??.??"]
[Round "6"]
[White "El Kher, Henrik"]
[Black "Fernandez, Ernesto"]
[Result "1-0"]
[WhiteElo "2305"]
[BlackElo "2135"]

1.d4 Nf6 2.c4 g6 3.Nc3 Bg7 4.e4 d6 5.Nf3 O-O 6.Be2 e5 7.d5 a5 8.Bg5 h6 9.Bh4 Na6
10.Nd2 Qe8 11.a3 Bd7 12.b3 h5 13.f3 Nh7 14.Rb1 Bh6 15.Bf2 f5 16.b4 axb4 17.axb4 b6
18.Bd3 Qe7 19.h4 Kh8 20.Qe2 Bc8 21.Be3 Bxe3 22.Qxe3 f4 23.Qf2 Rg8 24.Kd1 g5
25.hxg5 Qxg5 26.Bf1 Bd7 27.Qh4 Qxh4 28.Rxh4 Nf6 29.Ke1 Kh7 30.Kf2 Rgb8 31.Be2 Kh6
32.Rhh1 Kg5 33.Rb2 Bc8 34.Ra1 Bb7 35.Ra4 c5 36.dxc6 Bxc6 37.Rxa6 Rxa6 38.b5 Ra7
39.bxc6 Rc7 40.Bd1 Rxc6 41.Ba4 Rc5 42.Nd5 Nxd5 43.exd5 Ra5 44.Ne4+ Kg6 45.Bc6 Rd8
46.Rxb6 Ra2+ 47.Kg1 Rg8 48.Bd7 Rg7 49.Rxd6+ Kf7 50.Be6+ Kf8 51.Rd8+ Ke7 52.Rd7+  1-0

[Event "EU-ch U18"]
[Site "Tallinn"]
[Date "1997.??.??"]
[Round "6"]
[White "Kerek, Csaba"]
[Black "Njirjak, Josip"]
[Result "1-0"]
[WhiteElo "2340"]
[BlackElo "2235"]

1.d4 Nf6 2.c4 g6 3.Nc3 Bg7 4.e4 d6 5.Nf3 O-O 6.Be2 e5 7.dxe5 dxe5 8.Qxd8 Rxd8
9.Bg5 Re8 10.Nd5 Nxd5 11.cxd5 c6 12.Bc4 b5 13.Bb3 Bb7 14.O-O-O c5 15.h4 Nd7
16.h5 c4 17.Bc2 a5 18.hxg6 hxg6 19.Rh3 f6 20.Be3 Kf7 21.g4 g5 22.Nd2 Rac8
23.Nf1 Nf8 24.Ng3 Red8 25.Bb6 Rd7 26.Nf5 Ng6 27.Rh7 Kg8 28.Rxg7+ Rxg7 29.Nxg7 Kxg7
30.d6  1-0

[Event "EU-ch U18"]
[Site "Tallinn"]
[Date "1997.??.??"]
[Round "7"]
[White "Lundberg, Bjorn"]
[Black "Bucher, Denis"]
[Result "1-0"]
[WhiteElo "2135"]
[BlackElo "2060"]

1.d4 Nf6 2.c4 g6 3.Nc3 Bg7 4.e4 d6 5.Be2 O-O 6.Nf3 e5 7.O-O exd4 8.Nxd4 Re8
9.f3 Nc6 10.Be3 Nh5 11.Qd2 f5 12.Nxc6 bxc6 13.c5 f4 14.Bf2 Be5 15.Rfd1 Qf6
16.Rac1 Be6 17.cxd6 cxd6 18.Ba6 Re7 19.b3 Rd8 20.Na4 Rc7 21.Nc5 Bf7 22.Nd3 Bd4
23.Nb4 Bxf2+ 24.Kxf2 d5 25.Bc4 Rcd7 26.exd5 cxd5 27.Bf1 d4 28.Bc4 Bxc4 29.bxc4 d3
30.Nd5 Qa6 31.Qxd3 Qxa2+ 32.Rc2 Qa6 33.Re2 Kf7 34.Qe4 Qd6 35.Rde1 a5 36.Qc2 Nf6
37.Re7+ Rxe7 38.Rxe7+ Kf8 39.Qc3 Rc8 40.Rb7 Rc6 41.Qd4 Ra6 42.Ke2 a4 43.Qxf6+ Qxf6
44.Nxf6 Rxf6 45.Ra7 Rb6 46.Rxa4 Rb2+ 47.Kd3 Rxg2 48.Ra8+ Ke7 49.Ra7+ Kd6
50.Rxh7 Ke5 51.Re7+ Kf6 52.Re2 Rg1 53.c5 Rd1+ 54.Kc3 g5 55.Kc4 Kf5 56.c6 g4
57.fxg4+ Kxg4 58.Kc5 f3 59.Rb2 Kf4 60.c7 Rc1+  1-0

[Event "EU-ch U18"]
[Site "Tallinn"]
[Date "1997.??.??"]
[Round "7"]
[White "Mchedlishvili, Mikheil"]
[Black "Doettling, Fabian"]
[Result "1-0"]
[WhiteElo "2380"]
[BlackElo "2320"]

1.Nf3 Nf6 2.c4 g6 3.Nc3 Bg7 4.e4 d6 5.d4 O-O 6.Be2 e5 7.Be3 c6 8.d5 Ng4 9.Bg5 Qb6
10.O-O Qxb2 11.Na4 Qb4 12.Bd2 Qa3 13.Rb1 c5 14.Bc1 Qxa2 15.Rb2 Qa3 16.Rb5 Qa2
17.Nd2 Bd7 18.Bb2 Bh6 19.Nc3 Qa6 20.Bxg4 Bxb5 21.cxb5 Qb6 22.Nc4 Qd8 23.g3 Qe7
24.Bc1 Bxc1 25.Qxc1 Nd7 26.Bxd7 Qxd7 27.Qh6 Rad8 28.f4 f6 29.f5 g5 30.Kf2 b6
31.h4 gxh4 32.g4 Qg7 33.Qxh4 Kh8 34.Rh1 Rd7 35.Kf3 Rg8 36.Ne2 Qg5 37.Qxg5 Rxg5
38.Ng3 Kg7 39.Nh5+ Kf7 40.Nxf6 Kxf6 41.Rh6+ Kg7 42.Re6 h5 43.gxh5 Rxh5 44.Kg4 Rh1
45.Nxd6 Rg1+ 46.Kf3 Rd1 47.f6+ Kg6 48.Nc4 Rh7 49.Nxe5+ Kg5 50.f7 Rf1+ 51.Ke2 Rf4
52.Rg6+ Kh5 53.Rg8 Rhxf7 54.Nxf7 Rxe4+ 55.Kf3 Re7 56.Rg5+ Kh4 57.Rf5  1-0

[Event "EU-ch U18"]
[Site "Tallinn"]
[Date "1997.??.??"]
[Round "7"]
[White "Lopez Moll, Jose Manuel"]
[Black "Kallio, Heikki"]
[Result "1/2-1/2"]
[WhiteElo "2155"]
[BlackElo "2270"]

1.Nf3 Nf6 2.d4 g6 3.c4 Bg7 4.Nc3 O-O 5.e4 d6 6.Be2 e5 7.Be3 Nc6 8.O-O Ng4
9.Bg5 Bf6 10.Bxf6 Nxf6 11.d5 Nb8 12.c5 Nh5 13.Rc1 Nf4 14.cxd6 cxd6 15.Kh1 Na6
16.Bxa6 bxa6 17.Ne2 Nh5 18.Nd2 f5 19.Qa4 Rb8 20.Qa3 Bb7 21.f3 a5 22.Rfe1 fxe4
23.Nxe4 Bxd5 24.Nxd6 Rb4 25.Ne4 Bxe4 26.fxe4 Rxe4 27.Qb3+ Kh8 28.Qb7 Qh4
29.Rf1 Ref4 30.Nxf4 Ng3+ 31.Kg1 Nxf1 32.Rxf1 exf4 33.Qxa7 Qg5 34.Qd4+ Kg8
35.Kh1 Qf5 36.Qc4+ Kg7 37.Qc3+ Kh6 38.h3 Rc8 39.Qd4 Rf8 40.Kh2 g5 41.Rc1 Qg6
42.Rc3 Rf6 43.Ra3 Rf5 44.Qd2 Qb6 45.Rd3 Rf6 46.b3 Qb8 47.Rd8 Qb4 48.Qb2 Qe7
49.Re8 Qd6 50.Qe5 Qxe5 51.Rxe5 Ra6 52.h4 gxh4 53.Kh3 a4 54.b4 Rg6 55.b5 Rg3+
56.Kh2 h3 57.gxh3 Rd3 58.Re4 Rd2+ 59.Kg1 Kg5 60.Rxa4 Rb2  1/2-1/2

[Event "EU-ch U18"]
[Site "Tallinn"]
[Date "1997.??.??"]
[Round "8"]
[White "Halkias, Stelios"]
[Black "Doettling, Fabian"]
[Result "1-0"]
[WhiteElo "2385"]
[BlackElo "2320"]

1.d4 Nf6 2.c4 g6 3.Nc3 Bg7 4.e4 d6 5.Be2 O-O 6.Nf3 e5 7.Be3 c6 8.d5 Ng4 9.Bg5 f6
10.Bh4 c5 11.O-O Nh6 12.Ne1 g5 13.Bg3 f5 14.exf5 Nxf5 15.Bd3 Nd7 16.Qg4 Nd4
17.Nc2 h6 18.Qd1 Nf6 19.Ne4 Nxe4 20.Bxe4 g4 21.Nxd4 cxd4 22.f4 gxf3 23.Rxf3 Bd7
24.Bc2 Qg5 25.Qd3 Rxf3 26.gxf3 Rf8 27.Qh7+ Kf7 28.Kh1 Qf6 29.Rf1 Ke8 30.Rf2 Qe7
31.b4 Kd8 32.c5 Bf6 33.Qxh6 Bg5 34.Qh5 Be8 35.Bg6 d3 36.Bxe8 Rxe8 37.cxd6 Qf6
38.Qh7 Qxd6 39.Qxd3 Qxb4 40.Qe2 Bf4 41.Kg2 Qd6 42.Qc2 Bxg3 43.hxg3 Rh8 44.Qf5 Ke7
45.Re2 Kd8 46.Qxe5 Qh6 47.Qe7+  1-0

[Event "EU-ch U18"]
[Site "Tallinn"]
[Date "1997.??.??"]
[Round "8"]
[White "Kerek, Csaba"]
[Black "Vuckovic, Bojan"]
[Result "1-0"]
[WhiteElo "2340"]
[BlackElo "2160"]

1.d4 Nf6 2.c4 g6 3.Nc3 Bg7 4.e4 d6 5.Nf3 O-O 6.Be2 e5 7.dxe5 dxe5 8.Qxd8 Rxd8
9.Bg5 Re8 10.Nd5 Nxd5 11.cxd5 c6 12.Bc4 cxd5 13.Bxd5 Nd7 14.Nd2 Nc5 15.Ke2 Be6
16.Rac1 Rac8 17.Rc2 Bxd5 18.exd5 Ne6 19.Rxc8 Nd4+ 20.Kd3 Rxc8 21.Ne4 f5 22.Nd6 e4+
23.Ke3 Rc2 24.Rd1 Re2+ 25.Kf4 Rxf2+ 26.Kg3 Rxb2 27.Nc4 Rb5 28.Ne3 h6 29.Be7 Be5+
30.Kh3 f4 31.Ng4 Rxd5 32.Bf6 Bd6 33.Rxd4 Rh5+ 34.Bh4 Be7 35.g3 g5 36.Rxe4 gxh4
37.gxf4 Ra5 38.Rxe7 h5 39.Nh6+ Kf8 40.Rxb7 Ra6 41.Nf5 Rxa2 42.Kxh4 Rxh2+
43.Kg5 a5 44.Ra7 Ra2 45.Nd4 a4 46.Ne6+ Kg8 47.Kf6  1-0

[Event "EU-ch U18"]
[Site "Tallinn"]
[Date "1997.??.??"]
[Round "8"]
[White "Lundberg, Bjorn"]
[Black "Fridman, Rafael"]
[Result "1/2-1/2"]
[WhiteElo "2135"]
[BlackElo "2330"]

1.d4 d6 2.e4 g6 3.c4 Bg7 4.Nc3 Nd7 5.Nf3 Ngf6 6.Be2 e5 7.O-O O-O 8.Re1 exd4
9.Nxd4 Nc5 10.Bf1 Ng4 11.f3 Nh6 12.Be3 f5 13.exf5 gxf5 14.Qd2 Nf7 15.b4 Na6
16.a3 Bd7 17.Rad1 c6 18.Nb3 Nc7 19.Bd4 Ne6 20.Bxg7 Nxg7 21.c5 d5 22.Nd4 Qh4
23.g3 Qg5 24.f4 Qf6 25.Qd3 Rfe8 26.Nb1 Nh6 27.Nd2 Ne6 28.N2f3 Nxd4 29.Qxd4 Qxd4+
30.Nxd4 Kg7 31.Bd3 Kf6 32.h3 Nf7 33.b5 Rxe1+ 34.Rxe1 cxb5 35.Bxb5 Bxb5 36.Nxb5 Rc8
37.Nd6 Nxd6 38.cxd6 d4 39.Kf2 Rc2+ 40.Kf1 Rc6 41.Re7 d3 42.Ke1 d2+ 43.Kd1 Rxd6
44.Rxh7 Rd3 45.Rxb7 Rxa3 46.g4 fxg4 47.hxg4 Ra4 48.Kxd2 Rxf4 49.Rxa7  1/2-1/2

[Event "EU-ch U18 Girls"]
[Site "Tallinn"]
[Date "1997.??.??"]
[Round "9"]
[White "Nill, Jessica"]
[Black "Ionica, Iulia"]
[Result "0-1"]
[WhiteElo "2140"]
[BlackElo "2235"]

1.d4 Nf6 2.c4 g6 3.Nc3 Bg7 4.e4 d6 5.Nf3 O-O 6.Be2 e5 7.O-O exd4 8.Nxd4 Nc6
9.Be3 Re8 10.f3 Nh5 11.Qd2 Nf4 12.Rfd1 Nxe2+ 13.Ncxe2 Ne5 14.Rac1 Qe7 15.Nf4 c6
16.Nb3 f5 17.Qxd6 Qg5 18.Kh1 fxe4 19.Nd5 Qh4 20.Nc7 exf3 21.gxf3 Nxf3 22.Bf4 Bf8
23.Nxe8 Bxd6 24.Bxd6 Bh3 25.Bg3 Qe7  0-1

[Event "EU-ch U18"]
[Site "Tallinn"]
[Date "1997.??.??"]
[Round "9"]
[White "Doettling, Fabian"]
[Black "Hagara, Eduard"]
[Result "1-0"]
[WhiteElo "2320"]
[BlackElo "2165"]

1.d4 Nf6 2.Nf3 g6 3.c4 Bg7 4.Nc3 O-O 5.e4 d6 6.Be2 Nbd7 7.O-O e5 8.Be3 c6
9.d5 c5 10.Ne1 Ne8 11.Nd3 Nb6 12.b3 f5 13.f3 f4 14.Bf2 Nd7 15.b4 b6 16.bxc5 bxc5
17.Rb1 Rf7 18.Qa4 Bf8 19.Rb2 Nc7 20.Qc2 g5 21.Rfb1 h5 22.Be1 Rg7 23.Nb5 a5
24.Nxc7 Qxc7 25.Qa4 Ra6 26.Nf2 Nf6 27.h3 g4 28.hxg4 hxg4 29.fxg4 Nxg4 30.Nxg4 Bxg4
31.Bxg4 Rxg4 32.Rb7 Qd8 33.Qa3 Qg5 34.Qh3 Qg6 35.Qf3 Ra8 36.Rd7 Re8 37.Rbb7 Bh6
38.Rh7 Rg5 39.Bh4 Rh5 40.Bf6  1-0

[Event "Tallinn-J"]
[Site "Tallinn"]
[Date "1997.??.??"]
[Round "11"]
[White "Antoniewski, Rafal"]
[Black "Bekker Jensen, David"]
[Result "1/2-1/2"]
[WhiteElo "2310"]
[BlackElo "2140"]

1.c4 Nf6 2.Nc3 g6 3.e4 d6 4.d4 Bg7 5.Nf3 O-O 6.Be2 e5 7.O-O Na6 8.Re1 c6
9.Bf1 Bg4 10.d5 c5 11.Be2 Bxf3 12.Bxf3 Nd7 13.a3 f5 14.Qd3 Qh4 15.Bd2 Bh6
16.g3 Qh3 17.Bg2 Qh5 18.Bf3 Qh3 19.Bg2 Qh5 20.Bf3  1/2-1/2

[Event "Tampere We HervS op"]
[Site "Tampere"]
[Date "1997.??.??"]
[Round "3"]
[White "Paldanius, Pekka"]
[Black "Saastamoinen, Aarne"]
[Result "1-0"]
[WhiteElo "2260"]
[BlackElo "2175"]

1.d4 Nf6 2.Nf3 g6 3.c4 Bg7 4.Nc3 d6 5.e4 O-O 6.Be2 e5 7.Be3 Re8 8.d5 Ng4
9.Bg5 f6 10.Bh4 h5 11.Nd2 c6 12.Nb3 a5 13.h3 Nh6 14.f3 Nf7 15.Bf2 Bh6 16.c5 a4
17.Nd2 dxc5 18.Bxc5 Qa5 19.Bf2 Qb4 20.Qc2 a3 21.Rb1 Na6 22.bxa3 Bxd2+ 23.Qxd2 Qxa3
24.O-O Kg7 25.Rfc1 cxd5 26.Nxd5 Rd8 27.Rc3 Qf8 28.Qc2 Nd6 29.Bb6 Rd7 30.Be3 Rf7
31.Nb6 Rb8 32.Rd1 Be6 33.Qd2 Nxe4 34.fxe4 Qb4 35.Qc2 Bxa2 36.Nd5 Bxd5 37.Rxd5 b5
38.Rb3 Qe1+ 39.Bf1 Nc7 40.Rc5 Ne6 41.Bf2 Qa1 42.Rcxb5 Rxb5 43.Rxb5 Rc7 44.Qb1 Qa8
45.Qb3 Ng5 46.h4 Nxe4 47.Rb8 Qa1 48.Qg8+ Kh6 49.Qh8+ Rh7 50.Qf8+ Rg7 51.Rb7  1-0

[Event "Tatry op"]
[Site "Tatranska Lomnica"]
[Date "1997.??.??"]
[Round "3"]
[White "Jedlicka, Ales"]
[Black "Karlik, Vladimir"]
[Result "0-1"]
[WhiteElo "2155"]
[BlackElo "2360"]

1.d4 Nf6 2.c4 g6 3.Nc3 Bg7 4.e4 d6 5.Be2 O-O 6.Nf3 e5 7.O-O Na6 8.Re1 c6
9.Bf1 exd4 10.Nxd4 Ng4 11.h3 Qb6 12.hxg4 Qxd4 13.g5 Qe5 14.Be3 Nc5 15.Qd2 Qe7
16.f3 a5 17.Rad1 Be5 18.Ne2 a4 19.Nd4 f6 20.Nc2 Ne6 21.f4 Bxb2 22.gxf6 Qxf6
23.g3 Bc3 24.Qxd6 Bxe1 25.e5 Qf5 26.Nxe1 Qg4 27.Kf2 Ng5 28.Bg2 Be6 29.Rd4 Nf7
30.Bf3 Nxd6 31.Bxg4 Nf5 32.Re4 Kf7 33.Nf3 h6 34.Bc5 Rfd8 35.a3 Rd3 36.Ke2 Rad8
37.Be3 R3d6  0-1

[Event "Czerniak mem Bikurei Haitim"]
[Site "Tel Aviv"]
[Date "1997.??.??"]
[Round "8"]
[White "Kanstler, Boris"]
[Black "Avrukh, Boris"]
[Result "1/2-1/2"]
[WhiteElo "2495"]
[BlackElo "2520"]

1.d4 Nf6 2.c4 g6 3.Nc3 Bg7 4.e4 d6 5.Nf3 O-O 6.Be2 e5 7.Be3 c6 8.Qd2 exd4
9.Nxd4 Re8 10.f3 d5 11.exd5 cxd5 12.c5 Nc6 13.Bf2 Nh5 14.O-O Be5 15.g3 Ng7
16.Rfe1 Ne6 17.Nxe6 Bxe6 18.f4 Bxc3 19.bxc3 Bf5 20.Rad1 Qa5 21.c4 Qxd2 22.Rxd2 dxc4
23.Bxc4 Rxe1+ 24.Bxe1  1/2-1/2

[Event "Telese"]
[Site "Telese"]
[Date "1997.??.??"]
[Round "?"]
[White "Passerotti, Pierluigi"]
[Black "De Santis, Alessio"]
[Result "1-0"]
[WhiteElo "2300"]
[BlackElo "2255"]

1.d4 Nf6 2.Nf3 g6 3.c4 Bg7 4.Nc3 O-O 5.e4 d6 6.Be2 e5 7.O-O exd4 8.Nxd4 Re8
9.f3 Nc6 10.Be3 Nh5 11.Nxc6 bxc6 12.Qd2 c5 13.g4 Be5 14.Rf2 Nf6 15.Bf1 Rb8
16.Re1 c6 17.b3 Bxg4 18.fxg4 Nxg4 19.Nd1 Nxe3 20.Nxe3 Bd4 21.Bg2 Qg5 22.Kh1 Re5
23.Rfe2 Rbe8 24.Nf1 Qh4 25.Qd3 Bf2 26.Rd1 d5 27.cxd5 cxd5 28.Qf3 Bd4 29.Ng3 dxe4
30.Rxe4 Rxe4 31.Nxe4 f5 32.Ng3 Re3 33.Qb7 Re7 34.Qd5+ Kg7 35.Rf1 Be5 36.Qf3 h5
37.Qf2 Kh8 38.Bd5 Rd7 39.Qxc5 Rxd5 40.Qxd5 Bxg3 41.Qa8+ Kh7 42.Qxa7+ Kh8
43.Qg1 Be5 44.Re1 Qf4 45.Qg3 Qxg3 46.hxg3 Bxg3 47.Rg1 h4 48.b4 Kg7 49.Rxg3 hxg3
50.b5 Kf6 51.b6  1-0

[Event "Torneo Mayor op"]
[Site "Torneo"]
[Date "1997.??.??"]
[Round "?"]
[White "Peralta, Eduardo"]
[Black "Santacruz, Cesar S"]
[Result "1/2-1/2"]
[WhiteElo "2340"]
[BlackElo "2300"]

1.Nf3 Nf6 2.c4 g6 3.Nc3 Bg7 4.d4 O-O 5.e4 d6 6.Be2 e5 7.O-O exd4 8.Nxd4 Re8
9.f3 c6 10.Kh1 a6 11.Nb3 Be6 12.a4 a5 13.g4 Na6 14.g5 Nd7 15.Nd4 Bh3 16.Rg1 Ndc5
17.Rg3 Qd7 18.Ra3 Nb4 19.Be3 Rad8 20.Qd2 Qc8  1/2-1/2

[Event "Torneo Mayor op"]
[Site "Torneo"]
[Date "1997.??.??"]
[Round "?"]
[White "Lipiniks, Leonardo"]
[Black "Santacruz, Cesar S"]
[Result "0-1"]
[WhiteElo "2155"]
[BlackElo "2300"]

1.d4 Nf6 2.c4 g6 3.Nc3 Bg7 4.e4 O-O 5.Nf3 d6 6.Be2 e5 7.dxe5 dxe5 8.Qxd8 Rxd8
9.Bg5 Re8 10.Rd1 Na6 11.Be3 c6 12.h3 Nd7 13.a3 Nac5 14.b4 Ne6 15.c5 a5 16.O-O axb4
17.axb4 Ra3 18.Bd2 Nd4 19.Bc4 Nxf3+ 20.gxf3 Nf8 21.Kg2 Be6 22.Nb1 Ra4 23.Rc1 Rd8
24.Rfd1 Bxc4 25.Rxc4 Ne6 26.Nc3 Ra3 27.Bc1 Rxd1 28.Nxd1 Ra1 29.Nb2 Rb1 30.Nd3 Rb3
31.Ne1 Nd4 32.Be3 Nb5 33.Nc2 f6 34.f4 Kf7 35.fxe5 fxe5 36.Kh2 Ke6 37.Kg2 Bf6
38.Kh2 Bh4 39.Kg2 h5 40.Kh2 g5 41.Kg2 g4 42.hxg4 hxg4 43.Na1 Rb2 44.Nc2 g3
45.Bc1 Rb3 46.f3 Rb1 47.Be3 Rb3 48.Kh3 g2  0-1

[Event "Torre Blanca op"]
[Site "Torre Blanca"]
[Date "1997.??.??"]
[Round "5"]
[White "Llanos, Guillermo"]
[Black "Fiorito, Fabian"]
[Result "1-0"]
[WhiteElo "2360"]
[BlackElo "2465"]

1.d4 Nf6 2.c4 d6 3.Nc3 Nbd7 4.Nf3 g6 5.e4 e5 6.Be2 Bg7 7.O-O O-O 8.Be3 c6
9.d5 c5 10.a3 a6 11.Nd2 Kh8 12.b4 b6 13.Rb1 Ng8 14.bxc5 bxc5 15.Qa4 f5 16.f3 Bh6
17.Bxh6 Nxh6 18.Qc6 Ra7 19.Qa4 Qg5 20.Qc2 Rc7 21.Nd1 Qe7 22.Nf2 f4 23.Rfc1 g5
24.h3 Ng8 25.Kf1 h5 26.Ke1 Nh6 27.Nb3 Nf6 28.Kd2 g4 29.hxg4 hxg4 30.Qc3 g3
31.Nd3 Nhg4 32.Bf1 Ne3 33.Na5 Kg8 34.Nc6 Qh7 35.Ncxe5 dxe5 36.Qxe5 Re7 37.Qg5+ Rg7
38.Qe5 Qh1 39.Be2 Nxc4+ 40.Rxc4 Qxb1 41.Nxf4 Qa2+ 42.Rc2 Qxa3 43.d6 Qb4+
44.Kd1 Bd7 45.Bc4+ Kh8 46.Nd3 Qb1+ 47.Rc1 Qb8 48.Ke2 Qe8 49.Bxa6 Qxe5 50.Nxe5 Be6
51.Rxc5 Ra8 52.Rc6 Nd7 53.Rc8+ Rxc8 54.Bxc8 Nxe5 55.Bxe6 Nc6 56.Bh3 Kg8 57.f4 Kf8
58.e5 Kf7 59.e6+ Ke8 60.f5 Nd4+ 61.Ke3 Rh7 62.Kxd4 Rxh3 63.f6 Rh4+ 64.Ke5 Rh5+
65.Kf4 Rd5 66.d7+ Kd8 67.Kxg3 Rg5+ 68.Kh3 Re5 69.f7 Rf5 70.g4 Rf3+ 71.Kh4 Ke7
72.g5 Rf4+ 73.Kh5 Rd4 74.g6 Rd5+ 75.Kh6 Rd6 76.Kg7  1-0

[Event "Nordic Grand Prix"]
[Site "Torshavn"]
[Date "1997.??.??"]
[Round "1"]
[White "Samuelsen, Carl Eli"]
[Black "Antonsen, Mikkel"]
[Result "0-1"]
[WhiteElo "1950"]
[BlackElo "2410"]

1.d4 Nf6 2.c4 g6 3.Nc3 Bg7 4.e4 d6 5.Nf3 O-O 6.Be2 e5 7.dxe5 dxe5 8.Qxd8 Rxd8
9.Bg5 Rf8 10.Nd5 Nxd5 11.cxd5 c6 12.Bc4 b5 13.Bb3 Bb7 14.Rd1 c5 15.O-O Nd7
16.Nd2 c4 17.Bc2 Rfc8 18.Nb1 b4 19.Rc1 f6 20.Be3 Bf8 21.a3 a5 22.Ba4 Nc5
23.Bb5 Nxe4 24.Bxc4 Nd6 25.Ba2 Ba6 26.Rxc8 Rxc8 27.Rc1 Rxc1+ 28.Bxc1 Bc4
29.Bxc4 Nxc4 30.axb4 Bxb4 31.Kf1 Nb6 32.Ke2 Nxd5 33.Kd3 Kf7 34.Na3 Ke6 35.Nc4 f5
36.f3 a4 37.Bg5 Bc5 38.Bd2 Nf6 39.h3 e4+ 40.fxe4 fxe4+ 41.Ke2 Kd5 42.Ne3+ Bxe3
43.Kxe3 Nd7 44.g4 Ne5 45.Bc3 g5 46.Kf2 Nd3+ 47.Ke3 Nf4 48.Bg7 Nd3 49.Bf6 Ne5
50.Bg7 Nc4+ 51.Ke2 Ke6 52.Bh8 Kf7 53.Kf2 Kg6 54.Ke2 h5 55.Kf2 hxg4 56.hxg4 Kf7
57.Ke2 Ke6 58.Kf2 Ne5 59.Kg3 e3 60.Bg7 Kd5 61.Bf6 e2  0-1